ბათუმის შოთა რუსთაველის სახელმწიფო უნივერსიტეტის ბიბლიოთეკა

ტელეკომუნიკაციის მიმმართველი სისტემები : (ბიბ.ჩანაწერი № 58032)

000 -ლიდერი
ფიქსირებული სიგრძის საკონტროლო ველი 01063nam a22002177a 4500
003 - საკონტროლო ნომრის იდენტიფიკატორი
საკონტროლო ველი Ge_BSU
005 - ბოლო ოპერაციის თარიღი და დრო
საკონტროლო ველი 20210518135932.0
008 - ფიქსირებული სიგრძის მონაცემთა ელემენტები - ზოგადი ინფორმაცია
ფიქსირებული სიგრძის საკონტროლო ველი 210518s2008 ge ||||| |||| 00| 0 geo d
020 ## - წიგნის საერთაშორისო სტანდარტული ნომერი
International Standard Book Number 9789941140495
041 ## - ენის კოდი
Language code of text/sound track or separate title geo
080 ## - უნივერსალური ათობითი კლასიფიკაციის ინდექსი
Universal Decimal Classification number 621.397.2(076.1) ნ-24
100 ## - მთავარი ჩანაწერი - პიროვნების სახელი
Personal name ნანობაშვილი, ვ.
9 (RLIN) 3031
245 ## - ცნობა სათაურის შესახებ
Title ტელეკომუნიკაციის მიმმართველი სისტემები :
Remainder of title (ამოცანები და მაგალითები) : [დამხმ. სახელმძღვ.] /
Statement of responsibility, etc ვ. ნანობაშვილი, ვ. ნანობაშვილი ; სტუ.
264 ## - წარმოების, გამოცემის, დისტრიბუციის და სხვა ცნობები
გამოცემის, წარმოების, დისტრიბუციის... ადგილი თბ. :
გამოცემის, წარმოების, დისტრიბუციის... სახელწოდება [ტექნ. უნ-ტი],
გამოცემის, წარმოების, დისტრიბუციის... თარიღი 2008.
300 ## - ფიზიკური აღწერა
Extent 99 გვ. :
Other physical details ნახ., ცხ. ;
Dimensions 20 სმ.
501 ## - შენიშვნა თანმხლებ მასალაზე
With note დანართი: გვ. 75-97.
504 ## - BIBLIOGRAPHY, ETC. NOTE
Bibliography, etc ბიბლიოგრ.: გვ. 98.
653 ## - INDEX TERM--UNCONTROLLED
Uncontrolled term ტელეკომუნიკაცია
700 ## - ADDED ENTRY--PERSONAL NAME
Personal name ნანობაშვილი, ვ.
Relator term ავტორი
9 (RLIN) 3031
942 ## - ADDED ENTRY ELEMENTS (KOHA)
Source of classification or shelving scheme
Koha item type წიგნი
ეგზემპლარები
ჩამოწერის სტატუსი დაკარგული ეგზემპლარის სტატუსი კლასიფიკაციის წყარო ან თაროზე გაწყობის სქემა დაზიანების სტატუსი არ გაიცემა მუდმივი მდებარეობა (დაცვის ადგილი) ამჟამინდელი ადგილსამყოფელი თაროზე განთავსების ადგილი შეძენის თარიღი ღირებულება, შესყიდვის ნორმალური ფასი სრული შენახვის შიფრი შტრიხკოდი ბოლო ოპერაციის თარიღი ეგზემპლარის მიმდევრობითი ნომერი (კეტერი?) ფასის ძალაში შესვლის თარიღი ეგზემპლარის სახეობა საჯარო შენიშვნა
          ტექნოლოგიური ფაკულტეტის ბიბლიოთეკა ტექნოლოგიური ფაკულტეტის ბიბლიოთეკა წიგნსაცავი 2021-05-18 6.00 621.397.2(076.1) ნ-24 61328 2021-05-18 61328 2021-05-18 წიგნი 6 ლ.